000 01662nam0a2200313 4500
001 RU\NLR\BIBL_A\010020269
005 20260407120230.0
010 _a978-5-905351-04-4
_95000
021 _aRU
_b2013-3281и
_9325и
035 _a(NILC)RuMoRGB-006668858
035 _a(NLR Aleph) 010020269
090 _a9897826
_c9897826
100 _a20140110d2013 |||y0rusy50 ca
101 0 _arus
102 _aRU
105 _aac||z||||10yy
200 1 _aДорога в завтра
_eфотоальбом к юбилеям заводов Корпорации ВСМПО-АВИСМА : 80-летию ВСМПО, 70-летию АВИСМА
_f[фот.: А. Маслов и др.
_gвступ. слово: Михаил Воеводин]
210 _aБерезняки
_aВерхняя Салда
_cВСМПО-АВИСМА
_d2013
215 _a179, [1] с.
_cил., цв. ил., портр.
_d23Х27
601 0 2 _a"Корпорация ВСМПО-АВИСМА", открытое акционерное общество
_cБерезники, город; Пермский край/ Верхняя Салда, город; Свердловская область
_jФотоальбомы
_92222592
_3RU\NLR\AUTH\6601567564
686 1 _aУ30(2)585.210.92я6
712 0 2 _4570
_a"Корпорация ВСМПО-АВИСМА", открытое акционерное общество
_cБерезники/Верхняя Салда
_3RU\NLR\AUTH\8810068714
_9639054
801 0 _aRU
_bРГБ
_c20130925
_gRCR
801 1 _aRU
_bРГБ
_c20130925
_2rusmarc
942 _cBOOK
980 _aNB